000 00551nam a2200193 4500
001 108360
003 ES-MaACL
007 t|
008 061121s1985 sp r ||||1| spa d
020 _a84-85848-87-X
100 1 _aMoncada, Santiago.
_982121
245 1 4 _aLas orejas del lobo
_b: comedia en dos actos /
_cSantiago Moncada.
260 _aMadrid :
_bPreyson,
_c1985.
300 _a87 p. ;
_c16 cm.
490 1 _aArte escénico ;
_v69
830 0 _aArte escénico ;
_v69
_9180796
852 _aES-MaACL
_jL-9953
_bR.111275
999 _c108360
_d108360